000 00584nam a2200217 u 4500
005 20240425063941.0
008 130819s2010 r 000 0 eng d
020 _a9789501261561
035 _aUPN01000192323
049 _aCG
050 4 _aLB2806.15
_bF4.3
100 1 _aFeldman, Daniel
_934218
245 1 0 _aEnseñanza y escuela /
_cDaniel Feldman.
260 _aBuenos Aires :
_bPaidós,
_c2010.
300 _a115 p.
440 0 _aCuestiones de educación
650 2 _aPlanificación curricular
_95734
650 4 _aEnseñanza
_96215
905 _aLibro
999 _c164426
_d164426